Statistics for MÖSE Over 100 Club

Click here to take the quiz!

General Stats

  • This quiz has been taken 6 times
  • The average score is 21 of 28

Answer Stats

Meccsek száma Answer % Correct
828Metzler Róbert
100%
695Urszó Dániel
100%
432Hubai Martin
100%
261Vékony Krisztián
100%
160Király Sándor
100%
162Boldizsár Balázs
100%
238Sznyt Dániel
100%
216Ormai Zsolt
100%
210Nagy Csaba
100%
210Anga Máté
100%
190Balogh Krisztián
100%
190Pálmai Bence
100%
141Schrankó Tamás
75%
176Szabó Dávid
75%
102Lovász Tamás
75%
200Papp Gábor
75%
237Hochstein Ferenc
75%
238Laki Olivér
75%
238Vignoni Matteo
75%
417Brogyay Dániel
75%
169Jánk Péter
50%
169Szabó Levente
50%
116Kertész Róbert
50%
114Jónás Richárd
50%
160Balogh Tamás
25%
133Godó Csaba
25%
130Kerekes Norbert
25%
190Viandt Ádám
25%

Score Distribution

Percentile by Number Answered

Percent of People with Each Score

Your Score History

You have not taken this quiz